00581nam a22001697a 4500008004100000020001500041040001800056041000800074100003300082245006900115260004700184300004400231500002200275504003200297650002400329650005800353130821s1985 enkab gr eng  a0416417507 aCo-BoUCMbspa00aeng1 aPrescott, John Robert Victor14aThe maritime political boundaries of the worldcJ.R.V. Prescott. aLondres (Inglaterra)bMethuenc1986, c1985 axv, 377 páginasbilustraciones, mapas aIncludes indexes. aBibliography: p. [355]-360.04aAguas territoriales04aZonas económicas (Derecho internacional marítimo)